[Event "FB1 1920 Karlsruher SF 1853 - Rodewisch"]
[Site "?"]
[Date "2019.12.15"]
[Round "4.1"]
[White "Bodnaruk, Anastasia"]
[Black "Muetsch, Annmarie"]
[Result "1-0"]
[WhiteElo "2413"]
[BlackElo "2227"]
[PlyCount "71"]
[EventDate "2019.??.??"]

1. e4 c5 2. Nf3 Nc6 3. d4 cxd4 4. Nxd4 e5 5. Nb5 d6 6. N1c3 a6 7. Na3 b5 8. Nd5
Nce7 9. Bd3 Nxd5 10. exd5 Ne7 11. c4 g6 12. cxb5 Bg7 13. O-O O-O 14. Bc4 f5 15.
f4 exf4 16. Bxf4 Qb6+ 17. Kh1 Bxb2 18. Qe2 Bf6 19. Rab1 a5 20. Be3 Qd8 21. b6
Rb8 22. Nb5 Rxb6 23. Bxb6 Qxb6 24. Qf2 Qd8 25. Qa7 Be5 26. Nd4 Bd7 27. Nf3 Nc8
28. Qb8 Bf6 29. Bb5 f4 30. Bxd7 Qxd7 31. Rb7 Qf5 32. Re1 g5 33. Qc7 g4 34. Re8
Ne7 35. Rxe7 Bxe7 36. Qxe7 1-0

[Event "FB1 1920 Karlsruher SF 1853 - Rodewisch"]
[Site "?"]
[Date "2019.12.15"]
[Round "4.2"]
[White "Schmidt, Jessica"]
[Black "Lubbe, Melanie"]
[Result "0-1"]
[WhiteElo "2239"]
[BlackElo "2279"]
[PlyCount "146"]
[EventDate "2019.??.??"]

1. d4 d6 2. Nf3 g6 3. c3 Nf6 4. Bf4 Bg7 5. h3 O-O 6. e3 b6 7. Be2 Bb7 8. O-O
Nbd7 9. Nbd2 Re8 10. a4 e5 11. Bh2 e4 12. Ne1 a5 13. Nc2 Nf8 14. Na3 Nd5 15. c4
Nb4 16. Nc2 c5 17. Nb3 Ne6 18. Na3 Qe7 19. Nb5 Rad8 20. d5 Nf8 21. Qd2 Bc8 22.
Rae1 Bf5 23. Nc1 h5 24. b3 Nh7 25. Na2 Nxa2 26. Qxa2 Nf6 27. Bf4 Nh7 28. Bh2
Bh6 29. Kh1 Nf6 30. Qc2 Kh7 31. Qd1 Rg8 32. f3 h4 33. Nc3 Rd7 34. fxe4 Nxe4 35.
Nxe4 Bxe4 36. Bd3 Re8 37. Bxe4 Qxe4 38. Rf6 Qe7 39. Ref1 Bg5 40. R6f3 f5 41.
Bf4 Bxf4 42. Rxf4 Qxe3 43. Rxh4+ Kg7 44. Rhf4 Rde7 45. R4f3 Qg5 46. Qa1+ Kg8
47. Qc3 Re3 48. Rxe3 Rxe3 49. Qc2 Qg3 50. Qd1 Kg7 51. Qa1+ Qe5 52. Qxe5+ dxe5
53. Rb1 Kf6 54. Kg1 e4 55. Kf2 Rc3 56. Rb2 Ke5 57. Ke2 f4 58. Rd2 Rg3 59. Kf1
Kd6 60. Re2 e3 61. Ke1 Ke5 62. Kf1 Rg5 63. Rb2 Rf5 64. Rb1 f3 65. gxf3 Rxf3+
66. Kg2 Rf2+ 67. Kg3 Ke4 68. h4 Rd2 69. Re1 Rd3 70. Rh1 Rxb3 71. h5 gxh5 72.
Rh4+ Kd3 73. d6 e2 0-1

[Event "FB1 1920 Karlsruher SF 1853 - Rodewisch"]
[Site "?"]
[Date "2019.12.15"]
[Round "4.3"]
[White "Movsesian, Julia"]
[Black "Rubina, Tatiana"]
[Result "1-0"]
[WhiteElo "2315"]
[BlackElo "2039"]
[PlyCount "63"]
[EventDate "2019.??.??"]

1. e4 c5 2. Nf3 d6 3. Nc3 Nf6 4. d4 cxd4 5. Qxd4 Nc6 6. Bb5 Bd7 7. Bxc6 Bxc6 8.
Bg5 e6 9. O-O-O Be7 10. Qd3 Qa5 11. h4 Rc8 12. Nd4 O-O 13. f4 Rfe8 14. Kb1 a6
15. a3 h6 16. Qf3 Bd7 17. f5 Rxc3 18. bxc3 hxg5 19. hxg5 Nxe4 20. Qxe4 Bxg5 21.
fxe6 fxe6 22. Qh7+ Kf7 23. Nb3 Qe5 24. Rhe1 Qg3 25. Nc5 dxc5 26. Rxd7+ Re7 27.
Qh5+ Kf6 28. Rf1+ Bf4 29. Rd3 Qg5 30. Qf3 e5 31. g3 e4 32. Qxf4+ 1-0

[Event "FB1 1920 Karlsruher SF 1853 - Rodewisch"]
[Site "?"]
[Date "2019.12.15"]
[Round "4.4"]
[White "Scheynin, Julia"]
[Black "Korenova, Martina"]
[Result "0-1"]
[WhiteElo "1994"]
[BlackElo "2153"]
[PlyCount "104"]
[EventDate "2019.??.??"]

1. e4 d6 2. d4 Nd7 3. Nc3 g6 4. Be3 Bg7 5. Qd2 c6 6. f3 a6 7. h4 h5 8. O-O-O b5
9. g4 hxg4 10. fxg4 Ndf6 11. g5 b4 12. gxf6 bxc3 13. Qxc3 Nxf6 14. Nf3 Bg4 15.
Be2 Qc7 16. Qd3 d5 17. e5 Bf5 18. Qa3 Ng4 19. Bg1 Bh6+ 20. Kb1 Rb8 21. Bd3 e6
22. Bxf5 gxf5 23. Qd3 Kd7 24. Nh2 Rhg8 25. Rf1 Qb6 26. b3 Qb5 27. Qd1 a5 28.
Nxg4 Rxg4 29. Rh3 Rbg8 30. Rh1 a4 31. Rf3 Qb4 32. Kb2 a3+ 33. Kb1 Rg2 34. Be3
Bxe3 35. Rxe3 R8g4 36. Rd3 c5 37. h5 cxd4 38. h6 Rg8 39. h7 Rh8 40. Rdh3 Qc5
41. Qd3 Ke7 42. Qd1 d3 43. Rxd3 Rxh7 44. Rxh7 Rg1 45. Rh1 Rxd1+ 46. Rhxd1 f6
47. c4 fxe5 48. cxd5 exd5 49. Rxd5 Qc3 50. R5d2 f4 51. Rc2 Qe3 52. b4 Qe4 0-1

[Event "FB1 1920 Karlsruher SF 1853 - Rodewisch"]
[Site "?"]
[Date "2019.12.15"]
[Round "4.5"]
[White "Miturova, Magdalena"]
[Black "Basovskiy, Jana"]
[Result "1-0"]
[WhiteElo "2172"]
[BlackElo "1782"]
[PlyCount "75"]
[EventDate "2019.??.??"]

1. Nf3 Nf6 2. g3 e6 3. Bg2 Be7 4. c4 c5 5. Nc3 Nc6 6. O-O O-O 7. d4 cxd4 8.
Nxd4 Bc5 9. Ndb5 a6 10. Nd6 Qc7 11. Nce4 Nxe4 12. Nxe4 Be7 13. Bf4 e5 14. Be3
d6 15. Nc3 Be6 16. Nd5 Bxd5 17. cxd5 Nb8 18. Rc1 Qd8 19. Qb3 b5 20. a4 bxa4 21.
Qxa4 Nd7 22. Rc6 a5 23. g4 Rb8 24. Qc2 Rc8 25. Qc3 f6 26. Rxc8 Qxc8 27. Qxa5
Nc5 28. h3 f5 29. Qa7 Rf7 30. Bxc5 dxc5 31. d6 Bxd6 32. Bd5 Qe8 33. Rd1 Be7 34.
gxf5 Kf8 35. Bxf7 Qxf7 36. Qa8+ Qe8 37. Qxe8+ Kxe8 38. Rd5 1-0

[Event "FB1 1920 Karlsruher SF 1853 - Rodewisch"]
[Site "?"]
[Date "2019.12.15"]
[Round "4.6"]
[White "Mangei, Jasmin"]
[Black "Kubikova, Hana"]
[Result "0-1"]
[WhiteElo "1881"]
[BlackElo "2046"]
[PlyCount "68"]
[EventDate "2019.??.??"]

1. e4 c5 2. Nf3 e6 3. c3 Nc6 4. d4 cxd4 5. cxd4 d6 6. Nc3 Nf6 7. Be2 Be7 8. O-O
O-O 9. h3 a6 10. Be3 d5 11. e5 Ne4 12. Nxe4 dxe4 13. Nd2 Nxd4 14. Nxe4 Nxe2+
15. Qxe2 Bd7 16. Rfd1 Qc7 17. Qg4 Kh8 18. Rac1 Bc6 19. Nd6 Bxd6 20. exd6 Qd7
21. Bb6 f5 22. Qh4 Rf6 23. Rc3 Re8 24. f4 e5 25. fxe5 Rxe5 26. Bc5 Re2 27. Rg3
f4 28. Rg5 f3 29. gxf3 Bxf3 30. Re1 Rxe1+ 31. Qxe1 h6 32. Rg3 Qc6 33. Qe7 Qxc5+
34. Kf1 Bd5+ 0-1

[Event "FB1 1920 SV 1920 Hofheim - SV Medizin E"]
[Site "?"]
[Date "2019.12.15"]
[Round "4.1"]
[White "Ratay, Meike"]
[Black "Mar, Karmen"]
[Result "1/2-1/2"]
[WhiteElo "1970"]
[BlackElo "2082"]
[PlyCount "54"]
[EventDate "2019.??.??"]

1. e4 c5 2. Nf3 d6 3. d4 cxd4 4. Nxd4 Nf6 5. Nc3 a6 6. Be2 e6 7. O-O b5 8. a3
Bb7 9. f3 Nbd7 10. Be3 Be7 11. Rc1 O-O 12. Bf2 Rc8 13. Na2 Nb6 14. c3 Nfd7 15.
Nb4 d5 16. exd5 Nxd5 17. Nxd5 Bxd5 18. a4 bxa4 19. Qxa4 Nc5 20. Qd1 a5 21. c4
Ba8 22. Nb5 Qb6 23. Qc2 Rfd8 24. Rfd1 Rxd1+ 25. Rxd1 Rd8 26. Rxd8+ Qxd8 27. Qd1
Qxd1+ 1/2-1/2

[Event "FB1 1920 SV 1920 Hofheim - SV Medizin E"]
[Site "?"]
[Date "2019.12.15"]
[Round "4.2"]
[White "Roessler, Ulrike"]
[Black "Nguyen, Ha Thanh"]
[Result "1/2-1/2"]
[WhiteElo "2118"]
[BlackElo "1984"]
[PlyCount "209"]
[EventDate "2019.??.??"]

1. f4 d5 2. Nf3 Nf6 3. e3 e6 4. b3 Nbd7 5. Bb2 c6 6. Be2 Qc7 7. O-O Nc5 8. Qe1
Bd7 9. Ne5 Nce4 10. g4 Nd6 11. g5 Ng8 12. Bh5 Ne7 13. Qh4 Nef5 14. Qh3 Rg8 15.
Nc3 g6 16. Bf3 Bg7 17. Rae1 O-O-O 18. Nd1 h6 19. gxh6 Bxh6 20. Bg4 Rdf8 21. d3
Bg7 22. Nxd7 Qxd7 23. Bxg7 Nxg7 24. e4 Kb8 25. Bf3 Qc7 26. Bg2 Rh8 27. Qe3 Rh7
28. h3 Rfh8 29. Nf2 Nh5 30. c4 d4 31. Qf3 Ne8 32. Ng4 Neg7 33. b4 Ne8 34. c5
Qe7 35. Qf2 Qd8 36. Rb1 Nc7 37. Ne5 Rg8 38. b5 cxb5 39. a4 f6 40. Ng4 a6 41.
Rb4 Rd7 42. Rc1 a5 43. Rbb1 b4 44. c6 bxc6 45. Rxc6 Rd6 46. Rc5 Ra6 47. Rbc1
Rg7 48. e5 f5 49. Nh2 Rd7 50. Nf1 Nd5 51. Qxd4 Nhxf4 52. Qc4 Ne2+ 53. Kh2 Nxc1
54. Qxa6 Rb7 55. Rxc1 Qg5 56. Qc4 Rc7 57. Qb5+ Rb7 58. Qe8+ Ka7 59. Rc5 Qf4+
60. Kh1 Qf2 61. Rxa5+ Kb6 62. Qb5+ Kc7 63. Qc5+ Qxc5 64. Rxc5+ Kd7 65. Bxd5
exd5 66. Rxd5+ Ke6 67. Rb5 Rd7 68. Rxb4 Rxd3 69. Kg2 Kxe5 70. a5 Ra3 71. Rb5+
Kf4 72. Kf2 Rxh3 73. Rb4+ Ke5 74. Nd2 g5 75. Nf3+ Kd5 76. Rb5+ Kc4 77. Rxf5 g4
78. Ne5+ Kb5 79. Nd3+ Kc4 80. Nc5 Ra3 81. a6 Kb5 82. Rg5 Kc6 83. Kg2 Kb5 84.
Rd5 Kc6 85. Rf5 Kb5 86. Rg5 Kc6 87. Kf2 Kb5 88. Ne4+ Kxa6 89. Rxg4 Kb5 90. Nd2
Kc6 91. Rg5 Rh3 92. Nf3 Rh7 93. Ke3 Re7+ 94. Kd4 Rd7+ 95. Kc4 Rh7 96. Rg6+ Kc7
97. Kd5 Rh5+ 98. Ne5 Rh7 99. Kc5 Re7 100. Rc6+ Kb7 101. Rb6+ Kc7 102. Nc4 Rd7
103. Rc6+ Kb8 104. Nd6 Rc7 105. Kd4 1/2-1/2

[Event "FB1 1920 SV 1920 Hofheim - SV Medizin E"]
[Site "?"]
[Date "2019.12.15"]
[Round "4.3"]
[White "Reuter, Elisa"]
[Black "Kushka, Alena"]
[Result "1/2-1/2"]
[WhiteElo "1850"]
[BlackElo "2144"]
[PlyCount "105"]
[EventDate "2019.??.??"]

1. e4 c5 2. Nf3 Nc6 3. d4 cxd4 4. Nxd4 Nf6 5. Nc3 d6 6. Be2 g6 7. Be3 Bg7 8.
O-O O-O 9. Nb3 Be6 10. f4 Na5 11. f5 Bc4 12. Nxa5 Bxe2 13. Qxe2 Qxa5 14. Kh1
Qb4 15. Bd2 Qc5 16. Be3 Qc6 17. Bg5 Rfe8 18. Rab1 Rac8 19. Rf2 Qc4 20. Re1 Qxe2
21. Rfxe2 h6 22. Bxf6 Bxf6 23. Nd1 gxf5 24. exf5 Rc5 25. Rf1 Rec8 26. c3 Ra5
27. a3 Rcc5 28. Ref2 Re5 29. g3 Bg5 30. Kg2 Rad5 31. h4 Bd2 32. Rf3 Re2+ 33.
R1f2 Re1 34. Rf1 Rxf1 35. Kxf1 Bc1 36. Ke1 h5 37. Rf2 Kg7 38. f6+ exf6 39. Rc2
Bh6 40. Nf2 f5 41. Nh3 Rd3 42. Rg2 Kf6 43. Ke2 Rd2+ 44. Kf3 Rxg2 45. Kxg2 Bc1
46. b3 Bxa3 47. Nf4 Bc1 48. Nxh5+ Kg6 49. Nf4+ Bxf4 50. gxf4 Kh5 51. Kg3 d5 52.
b4 b6 53. b5 1/2-1/2

[Event "FB1 1920 SV 1920 Hofheim - SV Medizin E"]
[Site "?"]
[Date "2019.12.15"]
[Round "4.4"]
[White "Winterholler, Christina"]
[Black "Mueller-Ludwig, Kristin"]
[Result "0-1"]
[WhiteElo "2071"]
[BlackElo "2062"]
[PlyCount "98"]
[EventDate "2019.??.??"]

1. e4 e6 2. d3 d5 3. Nd2 Nf6 4. Ngf3 c5 5. g3 Be7 6. Bg2 Nc6 7. O-O O-O 8. Re1
b5 9. Qe2 Bb7 10. a4 a6 11. axb5 axb5 12. Rxa8 Qxa8 13. exd5 exd5 14. Nb3 Bd6
15. Bg5 Re8 16. Qd2 Nd7 17. Ra1 Qb8 18. Nh4 Ne7 19. Bh3 Qc7 20. Re1 Ne5 21. f4
N5g6 22. Nf5 Ra8 23. Nxd6 Qxd6 24. Bxe7 Nxe7 25. Qe3 Ng6 26. Qxc5 Qf6 27. Qd4
Qc6 28. Nc5 h6 29. Bd7 Qb6 30. b4 Bc6 31. Bxc6 Qxc6 32. f5 Nf8 33. Re5 Rd8 34.
c4 bxc4 35. dxc4 Qa8 36. Rxd5 Re8 37. Re5 Rd8 38. Rd5 Re8 39. Qd2 Qa1+ 40. Kg2
Ra8 41. Nb3 Qb1 42. Na5 Re8 43. c5 Qe4+ 44. Kh3 Qf3 45. Rd4 Re2 46. Qf4 Qh5+
47. Qh4 Qxf5+ 48. g4 Qf1+ 49. Kg3 Re3# 0-1

[Event "FB1 1920 SV 1920 Hofheim - SV Medizin E"]
[Site "?"]
[Date "2019.12.15"]
[Round "4.5"]
[White "Troyke, Doreen"]
[Black "Barpiyeva, Gulsana"]
[Result "1/2-1/2"]
[WhiteElo "2025"]
[BlackElo "2009"]
[PlyCount "90"]
[EventDate "2019.??.??"]

1. g3 c5 2. c4 Nc6 3. Bg2 g6 4. Nf3 Bg7 5. O-O Nf6 6. Nc3 O-O 7. d3 d6 8. Rb1
a6 9. a3 Rb8 10. b4 cxb4 11. axb4 b5 12. cxb5 axb5 13. Bg5 Be6 14. Qd2 Qd7 15.
Rfc1 Rfc8 16. Bh6 Bh8 17. Qd1 Nd5 18. Nxd5 Bxd5 19. Qd2 Ra8 20. Rc2 Ra3 21. Ng5
Bxg2 22. Kxg2 Nd4 23. Rxc8+ Qxc8 24. Qf4 f5 25. Qd2 Ne6 26. Nxe6 Qxe6 27. Rc1
Kf7 28. Rc7 Ra2 29. Rc2 Rxc2 30. Qxc2 Qd5+ 31. f3 Bg7 32. Bxg7 Kxg7 33. Qc7 Qe5
34. Kf2 Kf7 35. Qb6 Kf6 36. Kf1 Qa1+ 37. Kf2 Qe5 38. Kf1 g5 39. Kf2 h5 40. Kf1
h4 41. gxh4 gxh4 42. Qf2 Qf4 43. e4 fxe4 44. dxe4 e6 45. Kg2 Kg5 1/2-1/2

[Event "FB1 1920 SV 1920 Hofheim - SV Medizin E"]
[Site "?"]
[Date "2019.12.15"]
[Round "4.6"]
[White "Froehlich-Dill, Astrid"]
[Black "Umpfenbach, Carolin"]
[Result "0-1"]
[WhiteElo "1858"]
[BlackElo "2077"]
[PlyCount "80"]
[EventDate "2019.??.??"]

1. d4 e6 2. e4 d5 3. Bd3 c5 4. exd5 exd5 5. dxc5 Bxc5 6. Nf3 Nf6 7. O-O O-O 8.
Bg5 Nbd7 9. Nc3 Nb6 10. h3 Be6 11. Nb5 Nbd7 12. c3 a6 13. Nbd4 Qc7 14. Re1 Rae8
15. Rc1 Ba7 16. Qd2 Bb8 17. Nf5 Bxf5 18. Bxf5 Ne4 19. Bxe4 dxe4 20. Nh4 Nc5 21.
Re3 Nd3 22. g3 Nxc1 23. Qxc1 Qd7 24. Kh2 f6 25. Bf4 Bxf4 26. gxf4 f5 27. Rg3
Re6 28. c4 Qd4 29. Re3 Rh6 30. Ng2 Rd8 31. b3 b6 32. Qf1 Qd2 33. Re2 Qd6 34.
Qc1 g5 35. Qe3 g4 36. h4 Qf6 37. Qg3 Rd3 38. Re3 Qd4 39. Kg1 Rd6 40. Re2 Rxg3
0-1

[Event "FB1 1920 SC Bad Königshofen 1957 - SK "]
[Site "?"]
[Date "2019.12.15"]
[Round "4.1"]
[White "Sieber, Fiona"]
[Black "Girya, Olga"]
[Result "0-1"]
[WhiteElo "2277"]
[BlackElo "2488"]
[PlyCount "118"]
[EventDate "2019.??.??"]

1. e4 c6 2. d4 d5 3. e5 Bf5 4. Nf3 e6 5. Be2 Ne7 6. O-O c5 7. Be3 Nec6 8. Nbd2
cxd4 9. Nxd4 Nxd4 10. Bxd4 Nc6 11. Nf3 Bg4 12. h3 Bxf3 13. Bxf3 Rc8 14. Rc1 Qh4
15. c3 Be7 16. Bg4 h5 17. Be2 Bg5 18. Rc2 O-O 19. Bc5 Rfd8 20. Bxh5 Nxe5 21.
Bxa7 Nc4 22. f4 Be7 23. Bf2 Bc5 24. Bxc5 Rxc5 25. Qd4 Ra5 26. Be2 e5 27. Qf2
Qxf2+ 28. Rxf2 Ne3 29. Rd2 e4 30. Rd4 Rxa2 31. Rb4 Ra1+ 32. Kh2 Rc1 33. g4 Ra8
34. f5 Rc2 35. Kg3 Ra1 36. Rxb7 Rg1+ 37. Kf4 Nd1 38. Rh2 Nxb2 39. Ke3 Re1 40.
g5 Nd1+ 41. Kd4 Rcxe2 42. g6 fxg6 43. fxg6 Kf8 44. Rxe2 Rxe2 45. Kxd5 e3 46.
Rf7+ Kg8 47. Re7 Kf8 48. Rf7+ Ke8 49. Rxg7 Rf2 50. Kd6 Rf6+ 51. Ke5 e2 52. Kxf6
e1=Q 53. Rc7 Qh4+ 54. Kg7 Ne3 55. Rc8+ Kd7 56. Rf8 Nd5 57. Rf3 Qe4 58. Rf7+ Ne7
59. Kf8 Qa8+ 0-1

[Event "FB1 1920 SC Bad Königshofen 1957 - SK "]
[Site "?"]
[Date "2019.12.15"]
[Round "4.2"]
[White "Schneider, Jana"]
[Black "Newrkla, Katharina"]
[Result "1/2-1/2"]
[WhiteElo "2210"]
[BlackElo "2215"]
[PlyCount "98"]
[EventDate "2019.??.??"]

1. e4 c5 2. Nf3 Nc6 3. d4 cxd4 4. Nxd4 Nf6 5. Nc3 e5 6. Ndb5 d6 7. Bg5 a6 8.
Na3 b5 9. Nd5 Be7 10. Bxf6 Bxf6 11. c3 O-O 12. h4 g6 13. g3 Bg7 14. h5 Ne7 15.
Ne3 Be6 16. Bg2 Bf6 17. Nac2 Bg5 18. Bh3 Qd7 19. Bxe6 Qxe6 20. Qd3 Rfd8 21. Nb4
Bxe3 22. Qxe3 d5 23. hxg6 Qxg6 24. Rh6 Qxe4 25. Qxe4 dxe4 26. Rxa6 Rxa6 27.
Nxa6 e3 28. fxe3 Nf5 29. Rd1 Rxd1+ 30. Kxd1 Nxg3 31. Nc7 h5 32. Ke1 h4 33. Kf2
Ne4+ 34. Kg2 Nd6 35. Kh3 Kf8 36. Kxh4 Ke7 37. Kg4 Kd7 38. Nd5 Kc6 39. Nb4+ Kc5
40. b3 Ne4 41. Nd3+ Kd5 42. Kf5 Nxc3 43. Nxe5 Nxa2 44. e4+ Kd4 45. Nxf7 Nb4 46.
e5 Nc6 47. e6 Ne7+ 48. Kf6 Nd5+ 49. Kf5 Ne7+ 1/2-1/2

[Event "FB1 1920 SC Bad Königshofen 1957 - SK "]
[Site "?"]
[Date "2019.12.15"]
[Round "4.4"]
[White "Savina, Anastasia"]
[Black "Zschischang, Marine"]
[Result "1-0"]
[WhiteElo "2351"]
[BlackElo "2092"]
[PlyCount "53"]
[EventDate "2019.??.??"]

1. d4 e6 2. c4 d5 3. Nc3 c6 4. e3 Bd6 5. Bd3 Nd7 6. e4 dxe4 7. Nxe4 Bc7 8. Nf3
Ngf6 9. Nxf6+ Nxf6 10. O-O h6 11. b3 Qd6 12. Re1 Ba5 13. Bd2 Bxd2 14. Qxd2 O-O
15. Rad1 Rd8 16. Ne5 Kf8 17. Qe3 Bd7 18. c5 Qc7 19. h4 Be8 20. g4 Nd5 21. Qf3
Nc3 22. Bh7 g6 23. Qf6 Qxe5 24. Rxe5 Nd5 25. Rxd5 Rxd5 26. Re1 e5 27. dxe5 1-0

[Event "FB1 1920 SC Bad Königshofen 1957 - SK "]
[Site "?"]
[Date "2019.12.15"]
[Round "4.5"]
[White "Manusina, Nicole"]
[Black "Belenkaya, Dina"]
[Result "0-1"]
[WhiteElo "1992"]
[BlackElo "2298"]
[PlyCount "118"]
[EventDate "2019.??.??"]

1. d4 d5 2. c4 dxc4 3. e3 Nf6 4. Bxc4 e6 5. Nf3 a6 6. O-O c5 7. Bb3 b5 8. a4 b4
9. Nbd2 Be7 10. e4 cxd4 11. e5 Nfd7 12. Nc4 Nc5 13. Bc2 d3 14. Bb1 Bb7 15. Bf4
O-O 16. Nd6 Bxd6 17. exd6 Qf6 18. Bg3 Bxf3 19. gxf3 Qd4 20. Re1 Nbd7 21. Re3 d2
22. Re2 Nb3 23. Bxh7+ Kxh7 24. Qxb3 Rfc8 25. Qd1 Qxb2 26. Rxd2 Qc3 27. a5 Rab8
28. Kg2 Rb5 29. Rb1 b3 30. Rbb2 Rcb8 31. Qb1+ Kg8 32. Rd3 Qc4 33. Re3 Qa4 34.
Rc3 Rb4 35. Rc7 R4b7 36. Qc1 Qb5 37. Qc3 f6 38. Qe3 Qd5 39. Qe2 e5 40. Rxb7
Qxb7 41. Qc4+ Kf8 42. h4 Qb5 43. Qe6 Nc5 44. Qf5 Qd3 45. Qh5 Qxd6 46. f4 Na4
47. fxe5 Qd5+ 48. Kh2 Nxb2 49. Qh8+ Qg8 50. Qh5 Rb5 51. Qe2 Nc4 52. e6 Ne5 53.
e7+ Kxe7 54. f4 b2 55. fxe5 b1=Q 56. exf6+ Kxf6 57. Qf3+ Qf5 58. Qc3+ Kg6 59.
Qc6+ Qge6 0-1

[Event "FB1 1920 SC Bad Königshofen 1957 - SK "]
[Site "?"]
[Date "2019.12.15"]
[Round "4.6"]
[White "Schoene, Maria"]
[Black "Boehm, Jana"]
[Result "1-0"]
[WhiteElo "2147"]
[BlackElo "1996"]
[PlyCount "67"]
[EventDate "2019.??.??"]

1. e4 c5 2. Nf3 d6 3. d4 cxd4 4. Nxd4 Nf6 5. Nc3 a6 6. Be3 e5 7. Nb3 Be6 8. f4
exf4 9. Bxf4 Nc6 10. Qd2 d5 11. exd5 Nxd5 12. Nxd5 Qxd5 13. O-O-O Qxd2+ 14.
Rxd2 Rd8 15. Rxd8+ Kxd8 16. Be2 Kc8 17. Bf3 Be7 18. Re1 Re8 19. a3 h6 20. g3
Bd7 21. Bd5 Bg5 22. Rf1 Bxf4+ 23. Rxf4 Be6 24. Bxc6 bxc6 25. Nc5 a5 26. Nxe6
fxe6 27. Rf7 g5 28. Kd2 Kd8 29. Rh7 Rf8 30. Rxh6 Kd7 31. Ke2 Kd6 32. h4 gxh4
33. Rh5 h3 34. Rh4 1-0

[Event "FB1 1920 Hamburger SK - SV 1920 Hofheim"]
[Site "?"]
[Date "2020.02.01"]
[Round "5.1"]
[White "Bluhm, Sonja Maria"]
[Black "Padmini, Rout"]
[Result "0-1"]
[WhiteElo "2187"]
[BlackElo "2372"]
[PlyCount "70"]
[EventDate "2020.??.??"]

1. e4 e5 2. Nf3 Nc6 3. Bc4 Nf6 4. d3 Be7 5. c3 O-O 6. O-O d5 7. exd5 Nxd5 8.
Re1 Nb6 9. Bb5 f6 10. Bxc6 bxc6 11. d4 c5 12. dxe5 Qxd1 13. Rxd1 Bb7 14. exf6
Bxf6 15. Na3 Rf7 16. Be3 Na4 17. Nc4 Re8 18. Nfd2 Ba6 19. Rac1 Rd7 20. h3 h5
21. Kh1 Kf7 22. Re1 Rde7 23. Red1 g5 24. g3 Kg6 25. Rc2 Rd7 26. Rdc1 Rd3 27. b3
Nxc3 28. Nb2 Rd7 29. Kh2 Nxa2 30. Ra1 Nb4 31. Rxc5 Rxe3 32. fxe3 Rxd2+ 33. Kg1
Bxb2 34. Ra4 Rd1+ 35. Kh2 Bb7 0-1

[Event "FB1 1920 Hamburger SK - SV 1920 Hofheim"]
[Site "?"]
[Date "2020.02.01"]
[Round "5.2"]
[White "Papp, Sarah"]
[Black "Mar, Karmen"]
[Result "1/2-1/2"]
[WhiteElo "2316"]
[BlackElo "2072"]
[PlyCount "120"]
[EventDate "2020.??.??"]

1. e4 c5 2. Nf3 d6 3. d4 cxd4 4. Qxd4 Nc6 5. Bb5 Bd7 6. Qd3 Nf6 7. O-O a6 8.
Bxc6 Bxc6 9. Nc3 e6 10. Bg5 Be7 11. Rad1 O-O 12. Rfe1 Qa5 13. h3 Rad8 14. Qe3
Rfe8 15. a3 b5 16. Nd4 Bb7 17. Nb3 Qc7 18. Rd2 h6 19. Bf4 Nh5 20. Bh2 e5 21.
Qe2 Nf6 22. Nc1 Rc8 23. Kh1 Qb6 24. Nd5 Bxd5 25. exd5 Rc5 26. Red1 Qb7 27. Nb3
Rcc8 28. f4 Nd7 29. Na5 Qc7 30. Nc6 Bf6 31. Qg4 Kh8 32. c3 exf4 33. Bxf4 Be5
34. Nxe5 Nxe5 35. Bxe5 Rxe5 36. Rf1 Rce8 37. a4 Re4 38. Qf3 R8e7 39. axb5 axb5
40. Qd3 Qc4 41. Qxc4 bxc4 42. Ra1 Re1+ 43. Rxe1 Rxe1+ 44. Kh2 Kg8 45. Rd4 Re2
46. Rxc4 Rxb2 47. Rc8+ Kh7 48. Kg3 Kg6 49. Rc6 Kf5 50. Rxd6 Ke5 51. Rd7 Rb3 52.
Rxf7 Rxc3+ 53. Kg4 g6 54. Rg7 h5+ 55. Kg5 Rg3+ 56. Kh6 Rxg2 57. Rxg6 Rxg6+ 58.
Kxg6 h4 59. Kg5 Kxd5 60. Kxh4 Ke6 1/2-1/2

[Event "FB1 1920 Hamburger SK - SV 1920 Hofheim"]
[Site "?"]
[Date "2020.02.01"]
[Round "5.3"]
[White "Roessler, Ulrike"]
[Black "Osmanodja, Filiz"]
[Result "0-1"]
[WhiteElo "2107"]
[BlackElo "2282"]
[PlyCount "82"]
[EventDate "2020.??.??"]

1. e4 c5 2. Nf3 d6 3. d4 cxd4 4. Nxd4 Nf6 5. Nc3 a6 6. Bg5 e6 7. f4 h6 8. Bh4
g6 9. e5 g5 10. Bf2 dxe5 11. fxe5 Nd5 12. Bc4 Nxc3 13. bxc3 Qc7 14. Qd3 Qxe5+
15. Kd2 Qf4+ 16. Be3 Qg4 17. Rhe1 Be7 18. Re2 O-O 19. h3 Qh5 20. g4 Qxh3 21.
Nxe6 Bxe6 22. Bxe6 Nc6 23. Bd5 Rad8 24. c4 Ne5 25. Qe4 Nxc4+ 26. Qxc4 Qf3 27.
Bd4 Qxd5 28. Qxd5 Rxd5 29. Rxe7 Rxd4+ 30. Ke3 Rxg4 31. Rxb7 Re8+ 32. Kd3 Rd8+
33. Ke3 Rg3+ 34. Ke4 Rg2 35. Rf1 Re2+ 36. Kf5 Rxc2 37. Kf6 Re2 38. Ra7 Rd6+ 39.
Kf5 Kg7 40. Kg4 Rd4+ 41. Kf5 Re6 0-1

[Event "FB1 1920 Hamburger SK - SV 1920 Hofheim"]
[Site "?"]
[Date "2020.02.01"]
[Round "5.4"]
[White "Fuchs, Judith"]
[Black "Kushka, Alena"]
[Result "1-0"]
[WhiteElo "2239"]
[BlackElo "2137"]
[PlyCount "57"]
[EventDate "2020.??.??"]

1. e4 c5 2. Nf3 Nc6 3. Nc3 d6 4. d4 cxd4 5. Nxd4 Nf6 6. Bg5 e6 7. Qd2 a6 8.
O-O-O Bd7 9. f4 b5 10. Nxc6 Bxc6 11. Bd3 Qc7 12. Bxf6 gxf6 13. f5 h5 14. Kb1
Bh6 15. Qf2 e5 16. Be2 b4 17. Nd5 Bxd5 18. Rxd5 Ke7 19. Rhd1 Rhb8 20. Bxh5 Rb6
21. R1d3 a5 22. Rh3 Rc6 23. Bd1 Rh8 24. g4 Rc4 25. g5 fxg5 26. f6+ Kd7 27. Bg4+
Kc6 28. Qe2 Rc5 29. Qa6+ 1-0

[Event "FB1 1920 Hamburger SK - SV 1920 Hofheim"]
[Site "?"]
[Date "2020.02.01"]
[Round "5.5"]
[White "Winterholler, Christina"]
[Black "Zahn, Alina"]
[Result "1-0"]
[WhiteElo "2071"]
[BlackElo "2110"]
[PlyCount "39"]
[EventDate "2020.??.??"]

1. e4 e5 2. Bc4 Nf6 3. d4 exd4 4. Nf3 Nxe4 5. Qxd4 Nf6 6. Nc3 Be7 7. Bg5 O-O 8.
O-O-O h6 9. Qh4 c6 10. Bxh6 gxh6 11. Qxh6 Nh7 12. h4 d5 13. Bd3 f5 14. Rh3 Bf6
15. Rg3+ Kh8 16. Ng5 Bxg5+ 17. hxg5 Qe7 18. g6 Rf6 19. g7+ Kg8 20. Qxh7+ 1-0

[Event "FB1 1920 Hamburger SK - SV 1920 Hofheim"]
[Site "?"]
[Date "2020.02.01"]
[Round "5.6"]
[White "Schmidt, Jade"]
[Black "Heymann-Lobzhanidze, Anna-Luise"]
[Result "1/2-1/2"]
[WhiteElo "2038"]
[BlackElo "1931"]
[PlyCount "97"]
[EventDate "2020.??.??"]

1. d4 Nf6 2. c4 g6 3. Nc3 Bg7 4. e4 d6 5. f3 O-O 6. Be3 a6 7. Qd2 Nbd7 8. Nh3
c5 9. d5 b5 10. cxb5 Qa5 11. Nf2 Nb6 12. Nfd1 Nfd7 13. Rb1 Ne5 14. b3 axb5 15.
Bxb5 Ba6 16. a4 Bxb5 17. Nxb5 Qxd2+ 18. Bxd2 Rfb8 19. Ndc3 c4 20. Nc7 Ra7 21.
N3b5 Rab7 22. a5 Na8 23. Nxa8 Rxa8 24. bxc4 Nxc4 25. Na3 Rxb1+ 26. Nxb1 Nxd2
27. Nxd2 Rxa5 28. Ke2 Ra2 29. Rd1 Bc3 30. Kd3 Bb4 31. g3 Kg7 32. f4 e6 33. dxe6
fxe6 34. Nf1 Kf6 35. Kc4 Rb2 36. Ne3 h5 37. Rd3 Ke7 38. Rb3 Rxb3 39. Kxb3 Bc5
40. Nf1 d5 41. Nd2 Kf6 42. Kc2 Be3 43. Nf1 Bg1 44. Kd3 Ke7 45. h3 Kd6 46. Nd2
Bh2 47. Nf1 Bg1 48. Nd2 Bh2 49. Nf1 1/2-1/2

[Event "FB1 1920 TuRa Harksheide  - SC Bad Köni"]
[Site "?"]
[Date "2020.02.01"]
[Round "5.1"]
[White "Schneider, Jana"]
[Black "Unuk, Laura"]
[Result "0-1"]
[WhiteElo "2280"]
[BlackElo "2377"]
[PlyCount "60"]
[EventDate "2020.??.??"]

1. e4 c6 2. d4 d5 3. e5 c5 4. dxc5 e6 5. Bd3 Nc6 6. Nf3 Bxc5 7. c3 a5 8. a4
Nge7 9. O-O Ng6 10. Qe2 f6 11. exf6 Qxf6 12. c4 O-O 13. cxd5 exd5 14. Nc3 Bg4
15. Nxd5 Qd6 16. Be4 Bxf3 17. gxf3 Nd4 18. Qd1 Rae8 19. Kh1 Nh4 20. Ne3 Rxe4
21. fxe4 Nhf3 22. Ng4 h5 23. e5 Qd5 24. Be3 hxg4 25. Bxd4 Bxd4 26. Ra3 Qxe5 27.
Rxf3 Rxf3 28. Qc2 Qd5 29. Kg1 g3 30. Qc8+ Rf8 0-1

[Event "FB1 1920 TuRa Harksheide  - SC Bad Köni"]
[Site "?"]
[Date "2020.02.01"]
[Round "5.2"]
[White "Antolak, Julia"]
[Black "Melamed, Tatjana"]
[Result "1/2-1/2"]
[WhiteElo "2301"]
[BlackElo "2357"]
[PlyCount "56"]
[EventDate "2020.??.??"]

1. e4 c5 2. Nf3 Nc6 3. Nc3 g6 4. d4 cxd4 5. Nxd4 Bg7 6. Be3 Nf6 7. Bc4 O-O 8.
Bb3 Re8 9. O-O d6 10. h3 Na5 11. f4 b6 12. Qf3 Nxb3 13. axb3 Bb7 14. f5 Qd7 15.
Rad1 Rac8 16. Nd5 Nxd5 17. exd5 e6 18. fxe6 fxe6 19. dxe6 Rxe6 20. Qg4 Re7 21.
Qxd7 Rxd7 22. c3 Re8 23. Rfe1 Rde7 24. Bf2 Bxd4 25. cxd4 Bd5 26. b4 Re2 27. Rc1
b5 28. Ra1 Rxe1+ 1/2-1/2